000
00320nam a2200133Ia 4500
008
150201s2005 xx 000 0 und d
082
_a
610.72
_b
N05M
100
_a
MAKHIJA, NEELAM
245
_a
INTRODUCTION TO NURSING RESEARCH
260
_b
A.P. JAIN
_c
2005
300
_a
190
650
_a
NURSING
942
_2
ddc
_c
BK
_0
11
999
_c
2449
_d
2449